Πολιτιστική πολιτική και μουσική παιδεία : θέσεις, εκπαιδευτικός σχεδιασμός και πρακτικές

Αποθηκεύτηκε σε:
Λεπτομέρειες βιβλιογραφικής εγγραφής
Κύριος συγγραφέας: Αργυρίου, Μαρία
Μορφή: Βιβλίο
Γλώσσα:Greek
Δημοσίευση: Αθήνα : Δίσιγμα, c2020.
Θέματα:
Ετικέτες: Προσθήκη ετικέτας
Δεν υπάρχουν, Καταχωρήστε ετικέτα πρώτοι!

MARC

LEADER 00000cam a2200000 a 4500
001 1/122453
008 210114t2020####gr | ||| |||| ||gre||
020 |a 9786185242916 
040 |a GR-MyUa  |b gre  |c GR-MyUa  |e AACR2 
041 0 |a gre 
082 7 |a 372.87   |2 (23) 
100 1 |a Αργυρίου, Μαρία. 
245 1 0 |a Πολιτιστική πολιτική και μουσική παιδεία :   |b θέσεις, εκπαιδευτικός σχεδιασμός και πρακτικές /   |c Μαρία Αργυρίου.  
260 |a Αθήνα :   |b Δίσιγμα,   |c c2020.  
300 |a 583 σ. :   |b εικ. ;   |c 23 εκ.  
500 |a Περιέχει συντομογραφίες και παραρτήματα.  
504 |a Βιβλιογραφία: σ. 364-445. 
650 0 |a Music in education. 
650 0 |a Music  |x Instruction and study. 
650 0 |a School music  |x Instruction and study. 
650 0 |a Cultural policy. 
650 0 |a Arts  |x Study and teaching. 
852 |a INST  |b RHODES  |c EUDOXUS  |e 20210114  |h 372.87 ΑΡΓ  |p 005400041758  |q 005400041758  |t EDX  |y 0 
852 |a INST  |b RHODES  |c EUDOXUS  |e 20210114  |h 372.87 ΑΡΓ  |p 005400041759  |q 005400041759  |t EDX  |y 0 
920 |a Εύδοξος  |b Παραγγελία  |y Ρόδος-ΤΕΠΑΕΣ  |z 2021-01 
970 |a Μαρία  |b Κωτάκου  |z 14-01-2021